Observations on the castrati in Britain /

Bibliographic Details
Main Author: Rice, Paul F. (Paul Francis), 1949- (Author)
Format: Book
Language:English
Published: Newcastle upon Tyne, UK : Cambridge Scholars Publishing, [2023].
Subjects:

MARC

Tag First Indicator Second Indicator Subfields
LEADER 00000cam a2200000 i 4500
001 in00004648521
003 OCoLC
005 20230310214604.6
008 221115t20232023enkag b 001 0 eng d
035 |a (OCoLC)1351678311 
040 |a YDX  |e rda  |c YDX  |d COO  |d BDX 
020 |a 9781527590830  |q (hardcover) 
020 |a 1527590836  |q (hardcover) 
050 4 |a ML1460  |b .R53 2023 
082 0 |a 782.1092  |2 23 
100 1 |a Rice, Paul F.  |q (Paul Francis),  |d 1949-  |e author. 
245 1 0 |a Observations on the castrati in Britain /  |c by Paul F. Rice. 
264 1 |a Newcastle upon Tyne, UK :  |b Cambridge Scholars Publishing,  |c [2023]. 
264 4 |c ©2023. 
300 |a viii, 200 pages :  |b illustrations, music ;  |c 22 cm. 
336 |a text  |2 rdacontent 
337 |a unmediated  |2 rdamedia 
338 |a volume  |2 rdacarrier 
504 |a Includes bibliographical references (pages [180]-194) and index. 
650 0 |a Castrati  |z Great Britain  |x History  |y 18th century. 
945 |b 604428 
947 |a A14851381229 
948 |a dmitchel 3/10/23 3.44.28 
980 |b print  |c 40031556561  |f NONFIC/B  |g 565714  |k USD  |m 80.96  |q 1  |s AcqMono Conventional  |t Approval plan  |u Vendor order reference number  |v ZYBP  |y Print approval  |z Physical resource 
999 f f |i 1962b6e6-44a8-4b11-8970-e94e254c64ac  |s 18bc0272-fc79-447d-80ba-442331bb147a  |t 0 
952 f f |p normal  |a Texas A&M University  |b College Station  |c Sterling C. Evans Library  |s Evans stk  |d Evans: Library Stacks  |t 0  |e ML1460 .R53 2023  |h Library of Congress classification  |i unmediated -- volume  |m A14851381229